Bulletin of the Institute of Historical Research. (Record no. 600)

MARC details
000 -LEADER
campo de control de longitud fija 01178nas a2200349 i 4500
001 - NÚMERO DE CONTROL
campo de control 600
003 - IDENTIFICADOR DE NÚMERO DE CONTROL
campo de control ES-MaACL
005 - FECHA Y HORA DE LA ÚLTIMA TRANSACCIÓN
campo de control 20250814062548.0
007 - CAMPO FIJO DE DESCRIPCIÓN FÍSICA--INFORMACIÓN GENERAL
campo de control de longitud fija t|
008 - DATOS DE LONGITUD FIJA--INFORMACIÓN GENERAL
campo de control de longitud fija 950801d1923 xxk | | 1 ||ng d
080 ## - NÚMERO DE LA CLASIFICACIÓN DECIMAL UNIVERSAL
Número de la Clasificación Decimal Universal 930
245 00 - MENCIÓN DEL TÍTULO
Título Bulletin of the Institute of Historical Research.
246 13 - FORMA VARIANTE DEL TITULO
Título propio/Titulo breve Historical research
260 ## - PUBLICACIÓN, DISTRIBUCIÓN, ETC.
Lugar de publicación, distribución, etc. London :
Nombre del editor, distribuidor, etc. University of London, Institute of Historical Research,
Fecha de publicación, distribución, etc. 1923-
300 ## - DESCRIPCIÓN FÍSICA
Extensión 30 v. ;
Dimensiones 25 cm.
310 ## - PERIODICIDAD ACTUAL
Periodicidad actual Trimestral,
Fecha de comienzo de la periodicidad actual 2001-
321 ## - PERIODICIDAD ANTERIOR
Periodicidad anterior Cuatrimestral,
Fechas de la periodicidad anterior 1987-2000
321 ## - PERIODICIDAD ANTERIOR
Periodicidad anterior Semestral,
Fechas de la periodicidad anterior hasta 1986
362 0# - FECHAS DE PUBLICACIÓN Y/O DESIGNACIÓN SECUENCIAL
Fecha de publicación y/o designación secuencial V. I (1923)-
650 17 - PUNTO DE ACCESO ADICIONAL DE MATERIA--TÉRMINO DE MATERIA
Término de materia o nombre geográfico como elemento de entrada Historia
Fuente del encabezamiento o término embne
9 (RLIN) 179933
650 #4 - PUNTO DE ACCESO ADICIONAL DE MATERIA--TÉRMINO DE MATERIA
Término de materia o nombre geográfico como elemento de entrada Instituciones científicas y diversas
9 (RLIN) 13829
655 #7 - TERMINO DE INDIZACIÓN--GENERO/FORMA
Fuente del término tgfbne
9 (RLIN) 226866
Datos o término principal de género/forma Revistas
700 1# - ENTRADA AGREGADA--NOMBRE PERSONAL
Nombre de persona Edwards, J.G.
9 (RLIN) 46672
710 2# - ENTRADA AGREGADA--NOMBRE DE ENTIDAD CORPORATIVA
Nombre de entidad corporativa o nombre de jurisdicción como elemento de entrada Institute of Historical Research (
Sede del congreso/Lugar de la reunión Londres)
9 (RLIN) 4781
785 00 - ENTRADA/ENLACE A UN TÍTULO POSTERIOR
Título Historical Research
852 ## - LOCALIZACIÓN
Ubicación ES-MaACL
Número de control de estantería HEM-H-106
Signatura antigua Olim: Hem-882
Ubicación en estantería Hemeroteca
856 ## - LOCALIZACIÓN Y ACCESO ELECTRÓNICOS
Identificador Uniforme de Recursos <a href="https://dialnet.unirioja.es/servlet/revista?codigo=4471">https://dialnet.unirioja.es/servlet/revista?codigo=4471</a>
Texto de enlace Sumarios de la revista en Dialnet
866 #0 - MENCIÓN TEXTUAL DE FONDOS--UNIDAD BIBLIOGRÁFICA BÁSICA
Fondos 1950-1956,1976-1986(1988)1989-2008.
942 ## - ELEMENTOS DE ENTRADA SECUNDARIOS (KOHA)
Fuente del sistema de clasificación o colocación Clasificación decimal universal
Tipo de ítem Koha Revista
Holdings
Estatus retirado Estado de pérdida Estado de daño No para préstamo Colección Biblioteca de origen Biblioteca actual Ubicación en estantería Fecha de adquisición Fuente de adquisición Total de préstamos Signatura topográfica completa Código de barras Visto por última vez Precio de reemplazo Tipo de ítem Koha
        Periódicos y Revistas Biblioteca del Ateneo de Madrid Biblioteca del Ateneo de Madrid Hemeroteca 17/01/2008     HEM-H-106 1000613 23/02/2023 23/02/2023 Revista